Statistics for Taylor Swift - Run (Ft. Ed Sheeran) Lyrics

Click here to take the quiz!

General Stats

  • This quiz has been taken 36 times
  • The average score is 322 of 389

Answer Stats

Answer% Correct
a
96%
Run
96%
run
96%
run)
96%
the
96%
We
96%
we
96%
you
96%
you"
96%
(And
92%
and
92%
And
92%
from
92%
me
92%
where
92%
I
88%
it
88%
let
88%
Like
88%
like
88%
on
88%
all
84%
Darling
84%
for
84%
Go
84%
go
84%
in
84%
is
84%
let's
84%
no
84%
No
84%
Oh
84%
one
84%
So
84%
so
84%
to
84%
us
84%
your
84%
don't
80%
eyes
80%
"I'll
80%
I'll
80%
my
80%
our
80%
Take
80%
take
80%
we'll
80%
be
76%
can
76%
else
76%
this
76%
This
76%
you'd
76%
could
72%
of
72%
Say
72%
say
72%
shouldn't
72%
there's
72%
There's
72%
times
72%
when
72%
know
68%
law
68%
they
68%
was
68%
with
68%
been
64%
car
64%
drive
64%
friends
64%
give
64%
Give
64%
never
64%
pocket
64%
see
64%
they're
64%
you'll
64%
around
60%
away
60%
back
60%
blue
60%
chain
60%
dark
60%
frame
60%
heart
60%
hold
60%
I'd
60%
keep
60%
key
60%
keys
60%
leave
60%
picture
60%
reason
60%
'round
60%
thing
60%
town
60%
bring
56%
called
56%
child
56%
gave
56%
laugh
56%
locket
56%
onto
56%
shot
56%
sleeve
56%
trying
56%
wait
56%
apart
52%
before
52%
chase
52%
hole
52%
hundred
52%
note
52%
tear
52%
tell
52%
throat
52%
view
52%
wrote
52%
paper
48%
piece
48%
reflected
48%
Since
48%
sing
48%
sky
48%
while
48%
cares
44%
Pale
44%
'em
36%

Score Distribution

Percentile by Number Answered

Percent of People with Each Score

Your Score History

You have not taken this quiz